Massachusetts General Laws Annotated: (Record no. 4926)

MARC details
000 -LEADER
fixed length control field 00940nam a22001457a 4500
008 - FIXED-LENGTH DATA ELEMENTS--GENERAL INFORMATION
fixed length control field 140917b xxu||||| |||| 00| 0 eng d
050 ## - LIBRARY OF CONGRESS CALL NUMBER
Classification number KFM2430.1958.A4(43A)
245 ## - TITLE STATEMENT
Title Massachusetts General Laws Annotated:
Remainder of title Under arrangement of the offficial general laws of Massachusetts: Rules of civil procedure incorporating district/municipal courts rules of civil procedure and rules of domestic relations procedure. /
260 ## - PUBLICATION, DISTRIBUTION, ETC.
Place of publication, distribution, etc. St Paul:
Name of publisher, distributor, etc. West Publishing Co.,
Date of publication, distribution, etc. 1978.
300 ## - PHYSICAL DESCRIPTION
Extent xiii,609p.:
Dimensions 24cm.
440 ## - SERIES STATEMENT/ADDED ENTRY--TITLE
Name of part/section of a work Massachusetts general laws annotated.
Volume/sequential designation vol.43A.
500 ## - GENERAL NOTE
General note Includes index.
505 ## - FORMATTED CONTENTS NOTE
Formatted contents note Contents: Rules of civil procedure: District/municipal courts rules of civil procedure -- Rules of domestic relations procedure -- Scope of rules-one form of action Commencement of action; service of process, pleadings motions and orders -- Pleadings and motions -- Parties -- Depositions and discovery -- Trials.
942 ## - ADDED ENTRY ELEMENTS (KOHA)
Source of classification or shelving scheme Library of Congress Classification
Koha item type Books
Holdings
Withdrawn status Lost status Source of classification or shelving scheme Damaged status Not for loan Home library Current library Shelving location Date acquired Total Checkouts Full call number Barcode Date last seen Copy number Price effective from Koha item type
    Library of Congress Classification     WISCONSIN INTERNATIONAL UNIVERSITY COLLEGE, GHANA - MAIN LIBRARY WISCONSIN INTERNATIONAL UNIVERSITY COLLEGE, GHANA - MAIN LIBRARY Law Library 17/09/2014   KFM2430.1958.A4(43A) 596/13 17/09/2014 1 17/09/2014 Books

If you have any concerns or questions; kindly contact the library


© Powered by WIUC ICT DIRECTORATE